[Event "GER-ch Blitz Women 2020"]
[Site "Magdeburg"]
[Date "2020.08.15"]
[Round "13.7"]
[White "Zeller, Elisa"]
[Black "Osmanodja, Filiz"]
[Result "0-1"]
[WhiteElo "1969"]
[BlackElo "2293"]
[Annotator "TA"]
[PlyCount "106"]
[EventDate "2020.07.28"]
[EventType "tourn"]
[EventCountry "GER"]
[SourceTitle "playchess.com"]
[Source "ChessBase"]
[SourceQuality "1"]

{[%evp 14,106,10,13,0,-12,24,-13,12,2,22,-16,22,29,41,-22,-14,-70,-54,-58,-44,-26,-29,-30,-25,-39,29,-30,0,-20,-19,-83,-75,-78,-78,-139,-118,-110,-110,-127,-113,-142,-140,-207,-123,-127,-43,-42,-21,-18,-22,-20,-19,-24,-2,-35,-29,-209,-229,-347,-354,-332,-274,-352,-348,-357,-314,-636,-626,-614,-597,-550,-394,-386,-369,-332,-255,-273,-266,-266,-256,-261,-254,-309,-297,-987,-986,-12839,-12839,-12843,-12844,-12847,-12845,-12845,-12845]} 1. e4 c5 2. Nf3 d6 3. d4 cxd4 4. Nxd4 Nf6 5. Nc3 Nc6 6. Be2 e5 7. Nb3 {7.Nf3 is the hot move.} Be7 8. O-O Be6 {B59: Classical Sicilian: 6 Be2 e5 7 Nb3.} 9. Kh1 a5 {[#]} 10. Nd2 $146 ({Predecessor:} 10. a4 O-O 11. f4 exf4 12. Bxf4 Rc8 13. Bf3 Ne5 14. Nd4 Nxf3 15. Qxf3 Qb6 16. Ndb5 Qc5 17. Be3 Qb4 18. Bd4 Rc4 19. Qd3 Rfc8 20. Rf3 {0-1 (28) Guerrero Vargas,A (2164)-Obregon Rivero,J (2410) Havana 2010}) 10... Nd4 {The position is equal.} 11. Bd3 O-O 12. b3 Rb8 13. Bb2 b5 14. Ne2 (14. a4 $14) 14... Nc6 $11 15. c4 ({White should play} 15. Nc3 $11) 15... bxc4 (15... Nb4 $5 {[%cal Rb4d3]} 16. Bb1 bxc4 17. Nxc4 Bxc4 18. bxc4 Qc8 $15) 16. Bxc4 Bxc4 17. Nxc4 a4 18. Ng3 g6 19. bxa4 Rb4 (19... Na5 $15 20. Nxa5 Qxa5) 20. Qc2 (20. Rc1 $142) 20... Qa8 21. a3 Qxa4 22. Qxa4 (22. Rfc1 $11 {keeps the balance.} Qxc2 23. Rxc2) 22... Rxa4 $17 23. Rac1 {White wants to play Nb6.} Rb8 24. Ba1 (24. Nxd6 $142 Bxd6 25. Rxc6 Rxb2 26. Rxd6 Nxe4 27. Nxe4 Rxe4 28. h3) 24... Na5 25. Nxa5 Rxa5 26. Rc7 Bf8 27. Bc3 Rxa3 28. f3 (28. Kg1 $17) 28... Rbb3 (28... Ra2 $19 29. h4 Ne8) 29. Bd2 d5 (29... Ra2 $17 30. Bg5 Ne8) 30. Bg5 $15 Ne8 31. Rc8 Nd6 {[#]} 32. Rd8 $1 {[%mdl 512] Bh6 would kill now.} Nb7 33. Rxd5 Ra5 34. Rd7 Nc5 $36 {[%mdl 2048] Black fights for an advantage.} 35. Rd8 $2 {Loses the game.} (35. Rd5 $11 {and White is okay.}) 35... Ne6 $19 {[%mdl 64] [#] Double Attack} 36. Rxf8+ (36. Bd2 $142 Ra2 37. Rd7) 36... Kxf8 37. Bf6 Rab5 38. Kg1 Nf4 39. h3 Rb2 40. Rf2 $2 (40. Rd1 Rb1 41. Rf1) 40... Rxf2 41. Kxf2 {[%mdl 4096] Endgame KRN-KBN} Rb2+ 42. Kf1 Nxg2 43. Bxe5 Ne3+ 44. Ke1 Rb1+ 45. Ke2 Nc4 46. Bd4 Ke8 47. Nf1 Rb3 48. Ng3 Ra3 49. f4 $2 (49. Kf2) 49... Rxg3 {Black is clearly winning.} 50. f5 Rxh3 51. fxg6 fxg6 52. e5 h5 53. e6 Ke7 {Accuracy: White = 42%, Black = 66%.} 0-1

[Event "GER-ch Blitz Women 2020"]
[Site "Magdeburg"]
[Date "2020.08.15"]
[Round "13.8"]
[White "Sieber, Fiona"]
[Black "Michna, Marta"]
[Result "0-1"]
[WhiteElo "2201"]
[BlackElo "2350"]
[Annotator "TA"]
[PlyCount "113"]
[EventDate "2020.07.28"]
[EventType "tourn"]
[EventCountry "GER"]
[SourceTitle "playchess.com"]
[Source "ChessBase"]
[SourceQuality "1"]

{[%evp 19,113,58,75,75,79,49,50,54,83,65,111,99,98,95,70,50,85,89,74,56,46,42,106,36,49,-44,114,47,62,64,64,62,64,49,40,14,79,81,119,68,161,185,174,137,128,-85,158,154,140,131,292,300,321,310,580,253,484,489,471,472,543,477,759,114,127,129,120,66,236,0,-9,-76,-65,-947,-953,-1134,-1162,-1455,-1443,-29995,-1579,-29993,-1059,-1355,-1318,-1605,-1680,-4727,-4150,-2957,-2847,-1674,-224,-5056,-4698,-29987]} 1. e4 e6 2. d4 d5 3. Nd2 Nf6 4. e5 Nfd7 5. Bd3 c5 6. c3 Nc6 7. Ne2 a5 8. O-O cxd4 9. cxd4 Nb6 10. Nf3 Be7 11. a4 {C06: French Tarrasch: 3...Nf6 4 e5 Nfd7 5 Bd3 main lines.} Bd7 12. b3 Nb4 13. Bb1 {[#] White is slightly better.} Bc6 $146 ({Predecessor:} 13... Rc8 14. Ba3 O-O 15. Bxb4 Bxb4 16. Qd3 g6 17. Ra2 Na8 18. h4 f5 19. exf6 Qxf6 {1-0 (28) Gala,T-Waniek,T Olkusz 1995}) 14. Nf4 g6 15. Nd3 Nxd3 16. Qxd3 h6 17. h4 Rc8 18. Bd2 Nd7 19. h5 gxh5 20. Nh2 Nf8 (20... h4 $14) 21. Qh3 (21. Qg3 $16 f5 22. exf6 Bxf6 23. Nf3) 21... Qb6 $14 22. Qxh5 (22. Nf3 $14) 22... Ng6 $2 (22... Qxb3 $6 23. Qg4 $14) (22... Qxd4 $15 {keeps the upper hand.} 23. Ra2 Rg8) 23. Nf3 (23. Ng4 $16 Rg8 24. Nxh6) 23... Kd7 $1 24. Bxg6 fxg6 25. Qxg6 Rcg8 26. Qd3 $36 {[%mdl 2048] White is pushing.} h5 27. Ne1 h4 (27... Rg4 $11 {keeps the balance.}) 28. Nc2 $16 Qd8 29. Ne3 ({White should try} 29. Kh1 $16) 29... h3 (29... Kc8 $14) 30. g3 $18 Qf8 31. Kh2 Qf3 32. Rae1 $2 {[#]} (32. Bxa5 $16 {stays on course. And now Ra2 would win.} Bh4 33. Be1) 32... Rf8 $2 (32... Bh4 $1 $17 {[%cal Rg8g3][%mdl 512] keeps the pressure on. White must now prevent ...Rxg3!} 33. Qe2 (33. Bxa5 {gets mated.} Rxg3 34. Qf5 Rg2+ {[%mdl 64] Double Attack} 35. Kh1 Rg1+ {[%mdl 64] Decoy} 36. Kxg1 h2+ {[%mdl 64] Deflection, Decoy} 37. Kxh2 Bxf2+ {[%mdl 64] Double Attack, Discovered Attack} 38. Qh7+ Rxh7#) (33. gxh4 Rg2+) 33... Rxg3 {[%mdl 64] Demolition}) 33. Bxa5 $16 Bg5 {( -> ...Bxe3)} 34. Qe2 Qe4 $2 (34... Rh7 $16 35. Bb4 Rf4 36. Qxf3 Rxf3) 35. f3 $1 $18 {[%cal Rf3e4]} Qxd4 36. Nc2 Qb2 $2 (36... Qa7) 37. Bb4 (37. Rb1 $142 Qa2 38. Bc3) 37... Qxb3 $2 (37... Rfg8 38. Rb1 Qa2) 38. Bxf8 Rxf8 39. Nd4 Qxa4 40. Qd3 Qc4 (40... Qa2+ $142 41. Re2 (41. Kxh3 Rh8+ 42. Kg4 Qg2 $16) 41... Qc4 42. Qh7+ Be7) 41. Qxc4 $2 (41. Qh7+ $18 {is the precise move to win.} Be7 42. Nxc6 bxc6 43. Ra1) 41... dxc4 $16 42. f4 ({Don't do} 42. Kxh3 $6 Bd5 $14) 42... Be7 43. Rd1 ({Better is} 43. f5 $1 $16 {[%cal Rf5e6]} exf5 44. e6+ (44. Rxf5 Rxf5 45. e6+ Kc7 $16) (44. Nxf5 Ke6 $16) 44... Kc7 45. Nxf5) 43... Bd5 $2 {[#]} (43... Be4 $1 $14) 44. Rc1 $2 (44. f5 $1 $18) 44... Bc5 $11 45. Nb5 (45. Rcd1 $11) 45... Kc6 $17 46. Rfd1 $2 {[%mdl 8192]} (46. Rb1 $15) 46... Kxb5 $19 47. Rb1+ Kc6 48. Rdc1 b5 49. Kxh3 b4 (49... Bf3 $142 50. g4 Bf2 51. Rxc4+ bxc4 52. Rb6+ Kxb6 53. Kh2 Rh8#) 50. g4 Rh8+ (50... Bf2 $142 51. Rxc4+ Kd7 52. Rc7+ {[%mdl 64] Decoy} Kxc7 53. Rc1+ Kd7 54. Rc7+ Kxc7 55. g5 Rxf4 56. Kh2 Rh4#) 51. Kg3 Rg8 52. g5 b3 {[%cal Bb4b3,Bb3b2][%mdl 32]} 53. Kg4 Be4 54. Rb2 Bf5+ 55. Kf3 Bd4 $2 (55... Kb5 56. Rh1 Kb4) 56. Rh2 $2 (56. Rxc4+ Kd5 {[#]} 57. Rxd4+ $1 {[%mdl 512]} Kxd4 58. Rxb3) 56... b2 57. Rch1 {Accuracy: White = 35%, Black = 37%.} 0-1

[Event "GER-ch Blitz Women 2020"]
[Site "Magdeburg"]
[Date "2020.08.15"]
[Round "13.9"]
[White "Skibbe, Diana"]
[Black "Scognamiglio, Stefanie"]
[Result "1-0"]
[WhiteElo "1991"]
[BlackElo "2097"]
[Annotator "TA"]
[PlyCount "99"]
[EventDate "2020.07.28"]
[EventType "tourn"]
[EventCountry "GER"]
[SourceTitle "playchess.com"]
[Source "ChessBase"]
[SourceQuality "1"]

{[%evp 23,99,31,31,27,37,20,32,18,22,23,29,-18,-13,-18,-15,-34,-34,-34,-34,-40,-40,-42,-35,-36,-27,-39,0,-34,0,0,0,-68,-68,-81,-94,-58,-62,-116,-92,-102,29,24,174,174,173,172,134,-314,-179,-178,-166,-211,-208,-204,-197,-171,-172,-431,-441,-435,-397,-432,-419,-350,-148,-148,-171,-295,-255,-239,-139,-148,-19,-13,-10,-12,-24,-30]} 1. e4 c5 2. Nf3 Nc6 3. d4 cxd4 4. Nxd4 g6 5. c4 Bg7 6. Be3 Nf6 7. Nc3 d6 8. f3 O-O 9. Be2 Nd7 10. O-O Nxd4 11. Bxd4 Bxd4+ 12. Qxd4 Qb6 13. Qxb6 {B38: Sicilian: Maroczy Bind with 5...Bg7 and 7...0-0.} Nxb6 14. Nd5 Nxd5 15. cxd5 {White is slightly better.} Bd7 {[#]} 16. Rac1 $146 ({Predecessor:} 16. Rfc1 Rfc8 {½-½ (17) Toth,B (2395)-Mariotti,S (2485) Budva 1981}) 16... Rfc8 17. Rc3 Rxc3 18. bxc3 $11 {[%mdl 4096] Endgame KRB-KRB} Rc8 19. c4 Rc5 20. Rb1 b6 21. Kf2 Ra5 22. Rb2 Kf8 23. Ke3 f6 24. f4 Ke8 25. Kd4 (25. e5 $5) 25... Kd8 26. e5 Ra3 27. Bf3 (27. e6 $11 Ba4 28. Rd2) 27... Bf5 $15 {[%csl Gf5][%cal Ra3d3]} 28. Rd2 Bb1 29. exf6 exf6 30. Bg4 (30. Rd1 $15 Bc2 31. Rd2 Rxa2 32. Bd1) 30... f5 31. Bd1 Kc7 ({Much weaker is} 31... Bxa2 32. Rb2 $11) (31... a5 $17) 32. Bb3 $11 a5 (32... Kd8 $11 {and Black stays safe.}) 33. Kc3 $1 $18 a4 34. Kb2 axb3 35. Kxb1 $2 {[%mdl 8192]} (35. Kxa3 $16 bxa2 36. Kb2) 35... bxa2+ {KR-KR} (35... Rxa2 $142 36. Rxa2 bxa2+ 37. Kxa2 b5 $1 {[%mdl 512]}) 36. Ka1 $19 Rc3 37. Kxa2 Rxc4 38. g3 b5 39. Kb3 Kb6 40. Kb2 $2 (40. Re2 {is a better defense.}) 40... Kc5 41. Kb3 Rd4 42. Rc2+ Kxd5 43. Rc7 Rd2 (43... h5 $19 {has better winning chances. ...h4! is the strong threat.} 44. Rg7 Rd2 45. Rxg6 Rxh2) 44. Rxh7 $17 {[#]} Ke4 $1 45. Kb4 (45. Rh6 $142) 45... Rb2+ $19 46. Kc3 Rb1 (46... Re2 $19 47. Rg7 d5 48. Re7+ Kf3) 47. Re7+ {[#]} Kd5 (47... Kf3 $1 $17 48. Rd7 b4+ 49. Kc4 b3) 48. Rg7 $11 b4+ 49. Kc2 Rh1 50. h4 {[%mdl 32768] Accuracy: White = 55%, Black = 56%. . Loss on time!?} 1-0

[Event "GER-ch Blitz Women 2020"]
[Site "Magdeburg"]
[Date "2020.08.15"]
[Round "14.1"]
[White "Paehtz, Elisabeth"]
[Black "Scognamiglio, Stefanie"]
[Result "1-0"]
[WhiteElo "2473"]
[BlackElo "2097"]
[Annotator "RC"]
[PlyCount "77"]
[EventDate "2020.07.28"]
[EventType "tourn"]
[EventCountry "GER"]
[SourceTitle "playchess.com"]
[Source "ChessBase"]
[SourceQuality "1"]
[TimeControl "180+2"]

1. d4 {[%emt 0:00:00]} Nf6 {[%emt 0:00:00]} 2. Nf3 {[%emt 0:00:00]} c5 {[%emt 0:00:00]} 3. c3 {[%emt 0:00:01]} e6 {[%emt 0:00:01]} 4. Bf4 {[%emt 0:00:01]} d5 {[%emt 0:00:01]} 5. e3 {[%emt 0:00:01]} Nc6 {[%emt 0:00:02]} 6. Nbd2 {[%emt 0:00:02]} Be7 {[%emt 0:00:02]} 7. Bd3 {[%emt 0:00:02]} O-O {[%emt 0:00:04]} 8. h4 {[%emt 0:00:05]} Nh5 {[%emt 0:00:15]} 9. Bh2 {[%emt 0:00:20]} f5 {[%emt 0:00:05]} 10. Ne5 {[%emt 0:00:05]} Nf6 {[%emt 0:00:18]} 11. Bf4 {[%emt 0:00:06]} cxd4 {[%emt 0:00:09]} 12. exd4 {[%emt 0:00:02]} Ne4 {[%emt 0:00:07]} 13. Ndf3 {[%emt 0:00:12]} Nxe5 {[%emt 0:00:15]} 14. Bxe5 {[%emt 0:00:12]} Bd7 {[%emt 0:00:16]} 15. Qe2 {[%emt 0:00:02]} Rc8 {[%emt 0:00:05]} 16. Bf4 {[%emt 0:00:03]} b5 {[%emt 0:00:08]} 17. Bxb5 {[%emt 0:00:14]} Bxb5 {[%emt 0:00:08]} 18. Qxb5 {[%emt 0:00:02]} Bd6 {[%emt 0:00:11]} 19. Bxd6 {[%emt 0:00:12]} Qxd6 {[%emt 0:00:02]} 20. Qe2 {[%emt 0:00:05]} Rb8 {[%emt 0:00:06]} 21. O-O {[%emt 0:00:15]} a5 {[%emt 0:00:22]} 22. Ne5 {[%emt 0:00:04]} Rfc8 {[%emt 0:00:13]} 23. Rac1 {[%emt 0:00:10]} Qe7 {[%emt 0:00:03]} 24. g3 {[%emt 0:00:07]} f4 {[%emt 0:00:10]} 25. Kg2 {[%emt 0:00:14]} Rf8 {[%emt 0:00:32]} 26. Rc2 {[%emt 0:00:05]} Qc7 {[%emt 0:00:09]} 27. Qg4 {[%emt 0:00:05]} Qd6 {[%emt 0:00:06]} 28. gxf4 {[%emt 0:00:14]} Rf5 {[%emt 0:00:01]} 29. Nd3 {[%emt 0:00:19]} Rbf8 {[%emt 0:00:02]} 30. Re2 {[%emt 0:00:07]} Nf6 {[%emt 0:00:02]} 31. Qh3 {[%emt 0:00:06]} Nh5 {[%emt 0:00:01]} 32. Re5 {[%emt 0:00:09]} Nxf4+ {[%emt 0:00:04]} 33. Nxf4 {[%emt 0:00:01]} Rxf4 {[%emt 0:00:01]} 34. Qxe6+ {[%emt 0:00:07]} Qxe6 {[%emt 0:00:01]} 35. Rxe6 {[%emt 0:00:01]} Rxh4 {[%emt 0:00:01]} 36. f3 {[%emt 0:00:01]} h6 {[%emt 0:00:03]} 37. Re5 {[%emt 0:00:01]} Rb8 38. Rf2 Rb5 39. a4 1-0

[Event "GER-ch Blitz Women 2020"]
[Site "Magdeburg"]
[Date "2020.08.15"]
[Round "14.2"]
[White "Michna, Marta"]
[Black "Skibbe, Diana"]
[Result "1-0"]
[WhiteElo "2350"]
[BlackElo "1991"]
[Annotator "TA"]
[PlyCount "75"]
[EventDate "2020.07.28"]
[EventType "tourn"]
[EventCountry "GER"]
[SourceTitle "playchess.com"]
[Source "ChessBase"]
[SourceQuality "1"]

{[%evp 9,75,25,22,25,33,19,27,25,28,22,37,35,57,56,91,87,253,42,43,38,66,12,77,-4,130,-59,-52,-53,0,0,34,29,33,34,76,0,36,37,40,31,50,20,42,43,125,68,104,58,105,90,192,153,140,162,189,198,489,471,1020,1002,1742,1684,1510,1239,29981,29982,5822,5485]} 1. d4 f5 2. g3 Nf6 3. Bg2 g6 4. Nh3 Bg7 5. c3 d6 6. Qb3 {A81: Dutch Defence: 2 g3.} c6 7. Ng5 d5 8. h4 {[#] White has an edge.} h6 $146 ({Predecessor:} 8... Qb6 9. Nd2 h6 10. Nh3 Be6 11. Nf3 Qxb3 12. axb3 Ng4 13. Nf4 Bf7 14. Nd3 Nd7 {½-½ (31) Jankovic,A (2560)-Halkias,S (2577) Khanty-Mansiysk 2010}) 9. Nh3 O-O 10. Nf4 Kh7 11. Nd2 Qc7 12. Nf3 Ng4 $2 {[#]} (12... Ne4 $16) 13. h5 $2 (13. Ng5+ $1 $18 {[%mdl 512]} hxg5 14. hxg5+ Nh6 15. Be3 (15. gxh6 Bf6 $16)) 13... g5 $14 14. Ng6 Re8 $1 15. Bh3 (15. Qc2 $14) 15... e5 (15... Nf6 $11 {remains equal.}) 16. Bxg4 (16. dxe5 $16 Nd7 17. Qc2) 16... e4 (16... fxg4 $11 17. Nfxe5 Bf5) 17. Nfe5 $2 (17. Nxg5+ $1 $16 hxg5 18. Bh3 (18. Bxg5 fxg4 19. O-O-O Nd7 $15)) 17... fxg4 $15 18. Be3 Nd7 (18... Be6 $15) 19. Nxg4 $11 Nf6 20. Nxf6+ Bxf6 21. O-O-O Bf5 22. Rh2 (22. Qc2 $16) 22... Bxg6 23. hxg6+ Kxg6 24. Rdh1 Rh8 $1 25. Rh5 a5 26. Qd1 Qg7 (26... Rae8 $14) 27. Qf1 ({White should try} 27. f3 $16) 27... a4 28. a3 b5 29. Qh3 $36 {[%mdl 2048] White is in control.} c5 (29... Rae8 $16 {was necessary.}) 30. dxc5 {Threatens to win with Kb1.} Bxc3 {[#]} 31. Qe6+ $1 ({Don't play} 31. bxc3 $6 Qxc3+ 32. Kb1 (32. Kd1 Qb3+ 33. Kc1 Qxa3+ 34. Kd1 Qb3+ 35. Kc1 Qc3+ 36. Kb1 Qb3+ 37. Kc1 Qc3+ 38. Kb1 Qb3+ 39. Kc1 $11) 32... Qb3+ 33. Kc1 Qc3+ 34. Kd1 Qb3+ 35. Kc1 Qxa3+ 36. Kd1 Qb3+ 37. Ke1 (37. Kc1 Qc3+ 38. Kb1 Qb3+ 39. Kc1 Qc3+ 40. Kb1 Qb3+ 41. Kc1 $11) 37... Qb1+ 38. Kd2 Qa2+ 39. Kd1 Qb3+ 40. Ke1 (40. Kc1 Qc3+ 41. Kd1 Qb3+ $11) 40... Qb1+ 41. Kd2 Qb2+ 42. Ke1 Qb1+ $11) 31... Bf6 32. Qxd5 Bxb2+ $2 (32... Qe7 {was worth a try.} 33. Rxh6+ {[%mdl 64] Deflection} Rxh6 34. Rxh6+ Kxh6 35. Qxa8 Qe5) 33. Kb1 $18 Qe5 (33... Rad8 $142 34. Qxe4+ Kf7 35. Bxg5 hxg5) 34. Qc6+ {[%mdl 64] Double Attack} Kf7 35. Rxh6 Rxh6 36. Rxh6 Re8 37. Rh7+ Kf8 38. Qh6+ {[%mdl 64] Double Attack. Accuracy: White = 57%, Black = 27%.} 1-0

[Event "GER-ch Blitz Women 2020"]
[Site "Magdeburg"]
[Date "2020.08.15"]
[Round "14.3"]
[White "Osmanodja, Filiz"]
[Black "Sieber, Fiona"]
[Result "1-0"]
[WhiteElo "2293"]
[BlackElo "2201"]
[Annotator "TA"]
[PlyCount "65"]
[EventDate "2020.07.28"]
[EventType "tourn"]
[EventCountry "GER"]
[SourceTitle "playchess.com"]
[Source "ChessBase"]
[SourceQuality "1"]

{[%evp 21,65,38,49,53,101,82,77,75,86,81,81,19,24,14,21,12,14,0,0,-28,-21,-77,-10,-49,0,-9,80,74,78,70,119,92,150,149,877,894,924,905,882,882,927,860,1490,1480,1332,1316]} 1. e4 c5 2. Nc3 Nc6 3. Nf3 g6 4. d4 cxd4 5. Nxd4 Bg7 6. Be3 d6 7. Bc4 Nf6 8. f3 O-O 9. Qd2 Ne5 10. Bb3 Bd7 11. O-O-O Qa5 12. Kb1 {12.h4 is vanishing. B78: Sicilian Dragon: Yugoslav Attack, 9 Bc4 Bd7 10 0-0-0 Rc8.} Rfe8 13. g4 {[#]} b5 $146 ({Predecessor:} 13... Rac8 14. h4 h5 15. Bh6 Nc4 16. Bxc4 Rxc4 17. Bxg7 Kxg7 18. Nb3 Qc7 19. e5 dxe5 {1-0 (52) Hernandez Pinzon,H (2024)-Chavez,B (1878) Manizales 2017}) 14. g5 {White is better.} Nh5 15. Ncxb5 Qxd2 16. Bxd2 (16. Rxd2 $16 Rec8 17. Nc3) 16... Nxf3 $1 $11 17. Nxf3 {[#] aiming for Nc7.} Bxb5 18. Rde1 e6 19. a4 Bc6 20. Rhf1 Rab8 21. Bc1 (21. Ka2 $11) 21... Re7 ({Black should try} 21... Rb4 $17 22. e5 Bxf3 23. Rxf3 Bxe5) 22. Nd2 Be5 23. Rf2 Bf4 (23... Bd4 $11 24. Rf3 Rc7) 24. Nc4 $36 {[%mdl 2048] White is really pushing.} e5 25. Nxd6 Rd7 26. Nc4 Rbd8 (26... Re7 $142) 27. Bxf4 Nxf4 $4 {[%mdl 8192] Loses the game.} (27... exf4 $16 28. Ne5 Rd1+ 29. Rxd1 Rxd1+ 30. Ka2 Bxe4) 28. Nxe5 $18 {[%mdl 64] [#] Double Attack. White is clearly winning.} Rd1+ 29. Rxd1 Rxd1+ 30. Ka2 Ne6 31. Nxf7 Bd7 32. Nd8 Rd6 33. Rf6 {Accuracy: White = 80%, Black = 38%.} 1-0

[Event "GER-ch Blitz Women 2020"]
[Site "Magdeburg"]
[Date "2020.08.15"]
[Round "14.4"]
[White "Braun, Kristin"]
[Black "Zeller, Elisa"]
[Result "0-1"]
[WhiteElo "1918"]
[BlackElo "1969"]
[Annotator "TA"]
[PlyCount "66"]
[EventDate "2020.07.28"]
[EventType "tourn"]
[EventCountry "GER"]
[SourceTitle "playchess.com"]
[Source "ChessBase"]
[SourceQuality "1"]

{[%evp 11,65,0,0,0,26,29,31,9,59,70,52,45,64,25,35,0,0,4,38,-24,-8,-7,-8,-426,-13,-12,-9,-55,-10,-10,-15,-10,44,45,246,39,43,-97,155,0,0,-55,-52,-571,-593,-577,-586,-601,-600,-862,-826,-29995,-29996,-29998,-29999,-29999]} 1. e4 e6 2. d4 d5 3. exd5 exd5 4. Nf3 Nc6 5. c4 Nf6 6. Nc3 Bg4 7. Be3 {C01: French: Exchange Variation.} dxc4 8. Bxc4 Be7 {[#]} 9. h3 $146 {White is slightly better.} ({Predecessor:} 9. Qb3 O-O 10. Ne5 Na5 11. Bxf7+ Kh8 12. Qa4 c6 13. b4 Nc4 14. Bxc4 b5 15. Nxb5 cxb5 16. Bxb5 {1-0 (33) Negraru,M (1987)-Dinet,L France 2003}) 9... Bh5 (9... Bxf3 $5 10. Qxf3 Nxd4 11. Bxd4 (11. Qxb7 Rb8 $15) 11... Qxd4 12. Bb5+ Kf8 $11) 10. g4 Bg6 11. O-O O-O 12. Re1 Bb4 13. a3 Bxc3 14. bxc3 Ne4 15. Bf4 ({White should play} 15. Rc1 $14) 15... Nxc3 16. Qb3 Ne4 17. Bd5 $2 {[%mdl 8192]} ({Reject} 17. Qxb7 Qf6 $17) (17. Bf1 $11) 17... Nf6 $2 (17... Na5 $1 $19 {[%cal Ra5b3]} 18. Qa2 Nc3 {[%mdl 64] Double Attack} 19. Bxc7 Qxc7) 18. Bxc6 $1 $11 bxc6 19. Rad1 Nd5 (19... Rb8 $5 {[%cal Rb8b3]} 20. Qc4 Qd5 $15) 20. Bg3 Rb8 21. Qc4 Qf6 ({Better is} 21... f6 $11) 22. Ne5 $14 Nf4 $2 {[#]} (22... Rbe8 $14) 23. Bxf4 $2 ({Only move:} 23. Nd7 $1 $18 {[%cal Rd7f6]} Qg5 24. Bxf4 (24. Nxf8 Rxf8 25. Bxf4 Qxf4 $18) (24. Qxc6 Nxh3+ 25. Kf1 h5 $16) 24... Qxf4 25. Nxb8 (25. Nxf8 Rb2 $16) 25... Rxb8 26. Qxc6) 23... Qxf4 24. Nd7 {[#]} (24. Re2 $14 {stays ahead.}) 24... Be4 $2 {[%mdl 8192]} (24... Rb2 $1 $17 {[%mdl 512] stays on course.} 25. Qf1 Rd8) 25. Qe2 $2 ({White should try} 25. Qc3 $16) 25... Bf3 $36 {[%mdl 2048] White is under pressure.} 26. Qe3 (26. Qe7 $11 Bxd1 27. Nxb8 Bxg4 28. hxg4 Qxg4+ 29. Kh2 Qf4+ 30. Kg1 Qg4+ 31. Kh2 Qh5+ 32. Kg1 Qg6+ 33. Kf1 Qd3+ {[%mdl 64] Double Attack} 34. Kg1 Qg6+ 35. Kh2 Qh5+ 36. Kg3 Qg6+ 37. Kh2 Qh6+ 38. Kg1 Qg6+) 26... Qxe3 $15 27. Rxe3 $4 {[%mdl 8192]} (27. fxe3 $15 Bxd1 28. Nxb8 Bxg4 29. Nxc6 Bxh3 30. Ne7+ Kh8 31. Rc1) 27... Bxd1 $19 28. Nxb8 Rxb8 $15 {KRB-KR} 29. Re7 Bf3 30. Rxc7 h5 31. Rxa7 h4 {Black mates.} 32. d5 Rb1+ 33. Kh2 Rh1# {Accuracy: White = 33%, Black = 46%.} 0-1

[Event "GER-ch Blitz Women 2020"]
[Site "Magdeburg"]
[Date "2020.08.15"]
[Round "14.5"]
[White "Mader, Lena"]
[Black "Kosovska, Olena"]
[Result "0-1"]
[WhiteElo "1839"]
[BlackElo "1881"]
[Annotator "NA RC"]
[PlyCount "98"]
[EventDate "2020.07.28"]
[EventType "tourn"]
[EventCountry "GER"]
[SourceTitle "playchess.com"]
[Source "ChessBase"]
[SourceQuality "1"]
[TimeControl "180+2"]

1. c4 {[%emt 0:00:00]} g6 {[%emt 0:00:00]} 2. Nc3 {[%emt 0:00:00]} Bg7 {[%emt 0:00:00]} 3. g3 {[%emt 0:00:01]} d6 {[%emt 0:00:01]} 4. Bg2 {[%emt 0:00:02]} Nf6 {[%emt 0:00:01]} 5. Nf3 {[%emt 0:00:03]} O-O {[%emt 0:00:01]} 6. O-O {[%emt 0:00:01]} e5 {[%emt 0:00:02]} 7. d3 {[%emt 0:00:01]} Be6 {[%emt 0:00:03]} 8. Rb1 {[%emt 0:00:04]} Qd7 {[%emt 0:00:01]} 9. Re1 {[%emt 0:00:06]} Bh3 {[%emt 0:00:07]} 10. Bh1 {[%emt 0:00:02]} Nc6 {[%emt 0:00:05]} 11. b4 {[%emt 0:00:04]} Nh5 {[%emt 0:00:18]} 12. Ng5 {[%emt 0:00:29]} Bg4 {[%emt 0:00:13]} 13. f3 {[%emt 0:00:18]} Be6 {[%emt 0:00:04]} 14. b5 {[%emt 0:00:11]} Ne7 {[%emt 0:00:29]} 15. e4 {[%emt 0:00:26]} f5 {[%emt 0:00:25]} 16. Nxe6 {[%emt 0:00:14]} Qxe6 {[%emt 0:00:01]} 17. Nd5 {[%emt 0:00:20]} Nxd5 {[%emt 0:00:10]} 18. cxd5 {[%emt 0:00:03]} Qd7 {[%emt 0:00:10]} 19. a4 {[%emt 0:00:16]} f4 {[%emt 0:00:02]} 20. g4 {[%emt 0:00:05]} Nf6 {[%emt 0:00:01]} 21. Re2 {[%emt 0:00:17]} a6 {[%emt 0:00:10]} 22. b6 {[%emt 0:00:08]} Rfc8 {[%emt 0:00:30]} 23. Rc2 {[%emt 0:00:09]} Qxa4 {[%emt 0:00:18]} 24. bxc7 {[%emt 0:00:16]} Rxc7 {[%emt 0:00:06]} 25. Rd2 {[%emt 0:00:05]} Qd4+ {[%emt 0:00:04]} 26. Kg2 {[%emt 0:00:02]} Rac8 {[%emt 0:00:05]} 27. Bb2 {[%emt 0:00:02]} Qe3 {[%emt 0:00:08]} 28. Qe2 {[%emt 0:00:02]} Qxe2+ 29. Rxe2 Nd7 {[%emt 0:00:02]} 30. Kf2 {[%emt 0:00:04]} Nc5 {[%emt 0:00:02]} 31. Rd1 {[%emt 0:00:02]} b5 {[%emt 0:00:02]} 32. h4 {[%emt 0:00:01]} a5 {[%emt 0:00:01]} 33. Ba3 {[%emt 0:00:02]} b4 {[%emt 0:00:01]} 34. Bb2 {[%emt 0:00:01]} a4 {[%emt 0:00:00]} 35. h5 {[%emt 0:00:01]} a3 {[%emt 0:00:02]} 36. Ba1 {[%emt 0:00:01]} b3 {[%emt 0:00:01]} 37. hxg6 {[%emt 0:00:02]} hxg6 {[%emt 0:00:01]} 38. g5 {[%emt 0:00:03]} b2 {[%emt 0:00:01]} 39. Bxb2 {[%emt 0:00:01]} axb2 {[%emt 0:00:01]} 40. Rxb2 {[%emt 0:00:01]} Na4 {[%emt 0:00:02]} 41. Rb4 {[%emt 0:00:02]} Rc2+ {[%emt 0:00:03]} 42. Kf1 {[%emt 0:00:02]} Nc5 {[%emt 0:00:02]} 43. Rb6 {[%emt 0:00:03]} Bf8 {[%emt 0:00:06]} 44. Bg2 {[%emt 0:00:01]} Rc3 {[%emt 0:00:02]} 45. Bh3 {[%emt 0:00:02]} Ra8 {[%emt 0:00:05]} 46. Be6+ {[%emt 0:00:02]} Kg7 {[%emt 0:00:03]} 47. Rc6 {[%emt 0:00:04]} Ra7 {[%emt 0:00:03]} 48. Rxc5 {[%emt 0:00:02]} Rxd3 {[%emt 0:00:03]} 49. Rxd3 {[%emt 0:00:01]} Re7 {[%emt 0:00:04]} 0-1